Estatísticas para Países que começam com M

Clique aqui para jogar o quiz

Estatísticas Gerais

  • Esse quiz foi jogado 2 689 vezes
  • A pontuação média é 12 de 16

Estatísticas das Respostas

País% Correto
Mauritânia
81%
Marrocos
81%
México
81%
Macedónia do Norte
79%
Mali
79%
Madagáscar
76%
Mônaco
75%
Malásia
74%
Malta
74%
Mongólia
74%
Moldávia
72%
Moçambique
72%
Maurícia
69%
Maldivas
68%
Montenegro
67%
Malawi
65%

Distribuição das Pontuações

Percentil de Números Respondidos

Porcentagem de Pessoas com Cada Pontuação

Sua Pontuação Histórica

Você não jogou esse quiz